Atlanta Braves Players - Sudden Death - Statistics

General Stats
  • This quiz has been taken 120 times
  • The average score is 15 of 18
Answers on the Grid
Answers color-coded by a green-red scale on the quiz's grid according to % correct below.
Adam Jones
Alex Rodriguez
Andre Dawson
Andruw Jones
Austin Riley
Carlos Gomez
Chipper Jones
Chris Sale
David Ortiz
Fernando Tatis Jr.
Greg Maddux
Hank Aaron
Jason Heyward
John Smoltz
Jose Altuve
Marcell Ozuna
Matt Olson
Michael Harris II
Miguel Cabrera
Mike Piazza
Ozzie Albies
Randy Johnson
Robinson Cano
Ronald Acuna Jr.
Sean Murphy
Spencer Strider
Tarik Skubal
Ted Williams
Tom Glavine
William Contreras
 
Answer Stats
Answer % Correct
Chipper Jones
93%
Ronald Acuna Jr.
93%
Marcell Ozuna
90%
Matt Olson
90%
Greg Maddux
89%
Hank Aaron
89%
Ozzie Albies
89%
Andruw Jones
87%
Chris Sale
86%
Spencer Strider
86%
Austin Riley
85%
Michael Harris II
85%
John Smoltz
83%
Sean Murphy
83%
Tom Glavine
82%
Jason Heyward
73%
William Contreras
68%
Robinson Cano
37%
No matching quizzes found
Score Distribution
Percent of People with Each Score
Percentile by Number Answered
Your Score History
You have not taken this quiz